000 00539nam a2200205Ia 4500
005 20250923145318.0
008 008 250917s9999 xx 000 0 eng d
037 _aTextual
040 _aDSWL
_beng
_cDSWL
041 _aeng
_2eng
084 _qDSWL
100 _aJacob, K.K.
_9833953
245 0 _aPersonnel management in India
_c by K.K. Jacob
260 _aUdaipur
_bS.J.C. Publications
_c1973
300 _aiii,212 p.
365 _aINR
_b25 . 20
925 _g25 . 20
942 _cTEXL
999 _c1449824
_d1449824